Štát - podnik, teória - prax, tovaroznalectvo - produktové manažérstvo - hľadanie systémového pohľadu
Rozdiely v histórii tovaroznalectva a produktového manažérstva v kontexte vývoja komerčne orientovaného školstva v Európe a USA. Produktové manažérstvo ako komerčný pohľad na produkt. Systémový vedecký pohľad na produkty. Vývoj poznania produktu ako predmetu vedeckého skúmania.
Na minha lista:
| Autor principal: | |
|---|---|
| Formato: | Capítulo de Livro |
| Idioma: | eslovaco |
| Assuntos: | |
| Tags: |
Sem tags, seja o primeiro a adicionar uma tag!
|
MARC
| LEADER | 00000naa$a2200000$$$4500 | ||
|---|---|---|---|
| 001 | 0120361 | ||
| 005 | 20240502072342.1 | ||
| 041 | 0 | |a slo | |
| 044 | |a SK | ||
| 245 | 1 | 0 | |a Štát - podnik, teória - prax, tovaroznalectvo - produktové manažérstvo - hľadanie systémového pohľadu |c Rastislav Strhan |
| 520 | |a Rozdiely v histórii tovaroznalectva a produktového manažérstva v kontexte vývoja komerčne orientovaného školstva v Európe a USA. Produktové manažérstvo ako komerčný pohľad na produkt. Systémový vedecký pohľad na produkty. Vývoj poznania produktu ako predmetu vedeckého skúmania. | ||
| 610 | 2 | 0 | |a tovaroznalectvo |
| 610 | 2 | 0 | |a tovar |
| 610 | 2 | 0 | |a produkty |
| 610 | 2 | 0 | |a vývoj |
| 610 | 2 | 0 | |a história |
| 610 | 2 | 0 | |a veda systémová |
| 610 | 2 | 0 | |a značky výrobkov |
| 100 | 1 | |a Strhan, Rastislav, 1968- | |